00330nam a22000977a 4500003000400000082001900004100006300023245008600086260005200172300000800224SGT a891.4309bC74B aभटनागर, राजेंद्र मोहन  aछात्र आंदोलन : समस्या और समाधान b सामयिक प्रकाशनc1974 a152